LEADER 01455nam--2200409---450- 001 990001761480203316 005 20101213122739.0 010 $a88-387-2724-4 035 $a000176148 035 $aUSA01000176148 035 $a(ALEPH)000176148USA01 035 $a000176148 100 $a20040616d2003----km-y0enga50------ba 101 $aita 102 $aIT 200 1 $a<>imposta di bollo$e350 casi pratici di applicazione ed esenzione$eprontuario delle esenzioni, quesiti risolti, risoluzioni ministeriali$fDonatella Signore, Vincenzo Lovallo 210 $aSantarcangelo di Romagna$cMaggioli$dcopyr. 2003 215 $a193 p.$d24 cm 225 2 $aProgetto ente locale$iServizi demografici$v86 410 0$12001$aProgetto ente locale$iServizi demografici$v86 606 0 $aBollo$xLegislazione 676 $a343.45057 700 $aSIGNORE,$bDonatella$0428704 701 1$aLOVALLO,$bVincenzo$0428703 801 0$aIT$bsalbc$gISBD 912 $a990001761480203316 951 $aXXIV.5.C. 672 (IG VII 802)$b40695 G.$cXXIV.5.C. 672 (IG VII)$d00136570 959 $aBK 969 $aGIU 979 $aACQUISTI$b10$c20040616$lUSA01$h1356 979 $aANNASEN$b90$c20041005$lUSA01$h1820 979 $aANNASEN$b90$c20050104$lUSA01$h0944 979 $aPATRY$b90$c20050324$lUSA01$h0945 979 $aRSIAV4$b90$c20090902$lUSA01$h1402 979 $aRSIAV4$b90$c20101213$lUSA01$h1227 996 $aImposta di bollo$9710019 997 $aUNISA LEADER 02058oam 2200589M 450 001 9910716690403321 005 20210706165023.0 035 $a(CKB)5470000002523258 035 $a(OCoLC)1065614595 035 $a(OCoLC)995470000002523258 035 $a(EXLCZ)995470000002523258 100 $a20071213d1927 ua 0 101 0 $aeng 135 $aurcn||||||||| 181 $ctxt$2rdacontent 182 $cc$2rdamedia 183 $acr$2rdacarrier 200 10$aInternal-revenue tax upon passage tickets. February 17, 1927. -- Ordered to be printed 210 1$a[Washington, D.C.] :$c[U.S. Government Printing Office],$d1927. 215 $a1 online resource (2 pages) 225 1 $aSenate report / 69th Congress, 2nd session. Senate ;$vno. 1503 225 1 $a[United States congressional serial set] ;$v[serial no. 8685.] 300 $aBatch processed record: Metadata reviewed, not verified. Some fields updated by batch processes. 300 $aFDLP item number not assigned. 606 $aClergy conferences 606 $aCongresses and conventions 606 $aExcise tax 606 $aPassenger ships 606 $aRailroads$xPassenger traffic 606 $aCargo ships$xPassenger traffic 606 $aVeterans$xServices for$zUnited States 606 $aWorld War, 1914-1918 608 $aLegislative materials.$2lcgft 615 0$aClergy conferences. 615 0$aCongresses and conventions. 615 0$aExcise tax. 615 0$aPassenger ships. 615 0$aRailroads$xPassenger traffic. 615 0$aCargo ships$xPassenger traffic. 615 0$aVeterans$xServices for 615 0$aWorld War, 1914-1918. 701 $aEdge$b Walter E$g(Walter Evans),$f1873-1956$pRepublican (NJ)$01386809 801 0$bWYU 801 1$bWYU 801 2$bOCLCO 801 2$bOCLCQ 801 2$bOCLCO 801 2$bOCLCQ 906 $aBOOK 912 $a9910716690403321 996 $aInternal-revenue tax upon passage tickets. February 17, 1927. -- Ordered to be printed$93454202 997 $aUNINA